| 000 | 00540nam a2200217Ia 4500 | ||
|---|---|---|---|
| 003 | 0100 | ||
| 008 | 130227s9999 xx 000 0 und d | ||
| 040 | _cARRUPELIB | ||
| 050 | _aBV4645.M67 2008 | ||
| 100 | _aMorneau, Robert F. | ||
| 245 | _aPathways to community | ||
| 245 | _bfour weeks on prudence, justice fortitude and temperance | ||
| 260 | _aNew York | ||
| 260 | _bNew City Press | ||
| 260 | _C2008 | ||
| 300 | _a72p. | ||
| 300 | _b 19cm. | ||
| 650 | _bFavre, Pierre, Bl | ||
| 650 | _cPierre Favre, Bl | ||
| 942 |
_2lcc _02 |
||
| 999 |
_c6476 _d6476 |
||